Colectivo rabanal fuente de vida (Registro nro. 17783)
[ vista simple ]
| 000 -CABECERA | |
|---|---|
| Campo de control | 01212nam a22002297a 4500 |
| 005 - FECHA Y HORA DE LA ULTIMA TRANSACCION | |
| Campo de control | 20150921080933.0 |
| 008 - ELEMENTOS DE LONGITUD FIJA—INFORMACION GENERAL | |
| Campo de control | 150917b2012 ck |||||r|||| 00| 0 spa d |
| 040 ## - FUENTE DE CATALOGACIÓN | |
| Agencia catalogadora original | CO-BoIAVH |
| Agencia transcriptora | CO-BoIAVH |
| 041 ## - IDIOMA | |
| Código de idioma para texto/pista de sonido o título separado | Español |
| 044 ## - PAÍS DE PUBLICACIÓN | |
| País de publicación | Colombia |
| 082 ## - NUMERO DE CLASIFICACION DECIMAL DEWEY | |
| Número de clasificación | 307.72 |
| Número del ítem | L92c |
| 245 1# - MENCION DE TITULO | |
| Título | Colectivo rabanal fuente de vida |
| Parte restante del título | una experiencia de comunicación y apropiación ambiental |
| 260 ## - PUBLICACION, DISTRIBUCION, ETC. (PIE DE IMPRENTA) | |
| Lugar de publicación, distribución, etc. | Bogotá (Colombia): |
| Nombre del editor, distribuidor, etc. | Colectivo Rabanal Fuente de Vida, |
| -- | Observatorio Colombiano de Ciencia y Tecnología, |
| -- | Instituto de Investigación de Recursos Biológicos Alexander von Humboldt, |
| Fecha de publicación, distribución, etc. | 2012. |
| 300 ## - DESCRIPCION FISICA | |
| Extensión | 58 páginas : |
| Otros detalles físicos | tablas ilustraciones y fotografías a color ; |
| Dimensiones | 22 cm |
| 505 0# - NOTA DE CONTENIDO | |
| Nota de contenido | ¿Quienes somos y dónde estamos?<br/>Características de Firita, Peña Arriba.<br/>Participación y organización comunitaria.<br/>Intercambio de conocimientos para construir realidades.<br/>Comunicar para apropiar.<br/>Pasos que se han seguido en la conformación del Colectivo. |
| 650 #4 - ASIENTO SECUNDARIO DE MATERIA - TERMINO TEMATICO | |
| Término temático o nombre geográfico como elemento de entrada | Páramo de Rabanal |
| Subdivisión general | Uso |
| 9 (RLIN) | 38997 |
| 650 #4 - ASIENTO SECUNDARIO DE MATERIA - TERMINO TEMATICO | |
| Término temático o nombre geográfico como elemento de entrada | Páramo de Rabanal |
| Subdivisión general | Comunidades |
| 9 (RLIN) | 38998 |
| 650 #4 - ASIENTO SECUNDARIO DE MATERIA - TERMINO TEMATICO | |
| Término temático o nombre geográfico como elemento de entrada | Páramo de Rabanal |
| Subdivisión general | Investigación |
| 9 (RLIN) | 38999 |
| 700 1# - ASIENTO SECUNDARIO - NOMBRE PERSONAL | |
| Nombre personal | Lozano-Borda, Marcela |
| Término de relación | Editora |
| 9 (RLIN) | 37739 |
| 700 1# - ASIENTO SECUNDARIO - NOMBRE PERSONAL | |
| Nombre personal | Riveros, Augusto |
| Término de relación | Editor |
| 9 (RLIN) | 2616 |
| 942 ## - ELEMENTOS ADICIONALES (KOHA) | |
| Sistema de clasificación | Dewey Decimal Classification |
| Tipo de ítem | Libro |
| Withdrawn status | Lost status | Sistema de Clasificación | Damaged status | No para préstamo | Colección | Inventariado | Ubicación Permanente | Ubicación actual | Fecha de adquisición | Fuente de Valor | Valor | Total Checkouts | Número topográfico | Inventario / Código de Barras | Checked out | Date last seen | Date checked out | Ejemplar | Price effective from | Forma de adquisición | Tipo de material | Public note |
|---|---|---|---|---|---|---|---|---|---|---|---|---|---|---|---|---|---|---|---|---|---|---|
| Dewey Decimal Classification | Humboldt | Inventariado 2017 | Bogotá | Bogotá | 21/09/2015 | Instituto | 30000.00 | 1 | IAVH-307.72 L92c | 039247 | 17/12/2019 | 26/11/2019 | 26/11/2019 | Ej. 1 | 21/09/2015 | Institucional | Libro | Incluye DVD con video de experiencias de las comunidades (CID-039248). | ||||
| Dewey Decimal Classification | Humboldt | Inventariado 2017 | Bogotá | Bogotá | 22/08/2016 | Instituto | 30000.00 | IAVH-307.72 L92c | 040617 | 22/08/2016 | Ej. 3 | 22/08/2016 | Donación | Libro | Incluye DVD con video de experiencias de las comunidades (CID-040618). | |||||||
| Dewey Decimal Classification | Humboldt | Inventariado 2017 | Sala Fabio Quevedo | Sala Fabio Quevedo | 21/09/2015 | Instituto | 30000.00 | IAVH-307.72 L92c | 039249 | 21/09/2015 | Ej. 2 | 21/09/2015 | Institucional | Libro | Incluye DVD con video de experiencias de las comunidades (CID-039250). |